La seguridad social en Colombia : (Registro nro. 4441)

Detalles MARC
000 -LEADER
fixed length control field 00964nam a2200229Ia 4500
003 - CONTROL NUMBER IDENTIFIER
control field OSt
005 - DATE AND TIME OF LATEST TRANSACTION
control field 20200814154815.0
008 - FIXED-LENGTH DATA ELEMENTS--GENERAL INFORMATION
fixed length control field 191128s1982 ck gr 000 0 spa d
020 ## - INTERNATIONAL STANDARD BOOK NUMBER
International Standard Book Number 8482722026
040 ## - CATALOGING SOURCE
Original cataloging agency CO-JMCR
Transcribing agency CO-JMCR
041 0# - LANGUAGE CODE
Language code of text/sound track or separate title spa
082 04 - DEWEY DECIMAL CLASSIFICATION NUMBER
Classification number 344.861024 /
Item number R412s
Edition number 23
100 1# - MAIN ENTRY--PERSONAL NAME
Personal name Rengifo Ordóñez, Jesús María,
Relator term autor
9 (RLIN) 8800
245 13 - TITLE STATEMENT
Title La seguridad social en Colombia :
Remainder of title legislación colombiana de seguros sociales /
Statement of responsibility, etc. Jesús María Rengifo Ordóñez
250 ## - EDITION STATEMENT
Edition statement Segunda edición
260 ## - PUBLICATION, DISTRIBUTION, ETC.
Place of publication, distribution, etc. Bogotá :
Name of publisher, distributor, etc. Temis,
Date of publication, distribution, etc. 1982
300 ## - PHYSICAL DESCRIPTION
Extent xxii, 579 páginas ;
Dimensions 23 cm.
505 0# - FORMATTED CONTENTS NOTE
Formatted contents note Teoría general y régimen legal colombiano: Proceso sociológico -- Proceso histórico -- Conceptos generales -- Campo de aplicación -- Régimen económico y financiero -- Gestión administrativa -- Las presentaciones
650 14 - SUBJECT ADDED ENTRY--TOPICAL TERM
Topical term or geographic name entry element Seguridad social
General subdivision legislación
Geographic subdivision Colombia
9 (RLIN) 7810
650 14 - SUBJECT ADDED ENTRY--TOPICAL TERM
Topical term or geographic name entry element Legislación social
Geographic subdivision Colombia
9 (RLIN) 8801
942 ## - ADDED ENTRY ELEMENTS (KOHA)
Source of classification or shelving scheme Dewey Decimal Classification
Koha item type Books
Existencias
Withdrawn status Lost status Source of classification or shelving scheme Damaged status Not for loan Collection code Home library Current library Date acquired Source of acquisition Total Checkouts Full call number Barcode Date last seen Date last checked out Copy number Koha item type
    Dewey Decimal Classification     Non-fiction Biblioteca Pública José María del Castillo y Rada Biblioteca Pública José María del Castillo y Rada 04/15/2018 Donación 1 344.861024 / R412s 201809307 05/16/2024 06/13/2023 Ej.1 Books